Churches Of Pakistan / (Record no. 234568)
[ view plain ]
| 000 -LEADER | |
|---|---|
| fixed length control field | nam a22 7a 4500 |
| 005 - DATE AND TIME OF LATEST TRANSACTION | |
| control field | 20170324120549.0 |
| 008 - FIXED-LENGTH DATA ELEMENTS--GENERAL INFORMATION | |
| fixed length control field | 170324b xxu||||| |||| 00| 0 eng d |
| 020 ## - INTERNATIONAL STANDARD BOOK NUMBER | |
| International Standard Book Number | 9789699532009 |
| 040 ## - CATALOGING SOURCE | |
| Transcribing agency | . |
| 082 ## - DEWEY DECIMAL CLASSIFICATION NUMBER | |
| Classification number | BB-413 |
| 100 ## - MAIN ENTRY--PERSONAL NAME | |
| Personal name | Ali, Safdar |
| 245 ## - TITLE STATEMENT | |
| Title | Churches Of Pakistan / |
| Statement of responsibility, etc. | Dr safdar Ali shah & Javaid Ali Kazmi |
| 300 ## - PHYSICAL DESCRIPTION | |
| Extent | 123 p. ; |
| 942 ## - ADDED ENTRY ELEMENTS (KOHA) | |
| Source of classification or shelving scheme | |
| Koha item type | Book |
| Withdrawn status | Lost status | Source of classification or shelving scheme | Damaged status | Not for loan | Permanent Location | Current Location | Date acquired | Total Checkouts | Full call number | Barcode | Date last seen | Price effective from | Koha item type |
|---|---|---|---|---|---|---|---|---|---|---|---|---|---|
| School of Mechanical & Manufacturing Engineering (SMME) | School of Mechanical & Manufacturing Engineering (SMME) | 03/24/2017 | BB-413 | SMME-BB413 | 04/03/2018 | 03/24/2017 | Book |
